มุมมองปกติ
มุมมองแบบ MARC
- พระราชสุทธิญาณมงคล (จรัญ ฐิตธมฺโม),
รายการ Personal Name
001 - CONTROL NUMBER
- control field: 46920
003 - CONTROL NUMBER IDENTIFIER
- control field: NALT
005 - DATE AND TIME OF LATEST TRANSACTION
- control field: 20200819104218.0
008 - FIXED-LENGTH DATA ELEMENTS
- fixed length control field: 200819|| aca||aabn | a|a d
040 ## - CATALOGING SOURCE
- Original cataloging agency: NALT
100 ## - HEADING--PERSONAL NAME
- Personal name: พระราชสุทธิญาณมงคล (จรัญ ฐิตธมฺโม),
- Dates associated with a name: 2471-
